Enseñar y aprender lengua : (Registro nro. 38504)

Detalles MARC
000 -LEADER
campo de control de longitud fija 02687cam a22005174i 4500
003 - IDENTIFICADOR DE NÚMERO DE CONTROL
campo de control PE-LiUPU
005 - FECHA Y HORA DE LA ÚLTIMA TRANSACCIÓN
campo de control 20250731175632.0
008 - DATOS DE LONGITUD FIJA--INFORMACIÓN GENERAL
campo de control de longitud fija 150507s2007 sp rb 000 0 spa d
020 ## - NÚMERO INTERNACIONAL ESTÁNDAR DEL LIBRO
Número Internacional Estándar del Libro 9788499589725
035 ## - NÚMERO DE CONTROL DEL SISTEMA
Número de control de sistema (Sirsi) i9788499589725
040 ## - FUENTE DE CATALOGACIÓN
Centro catalogador/agencia de origen ESUDE
Lengua de catalogación spa
Centro/agencia transcriptor ESUDE
Centro/agencia modificador BNM
-- PE-LiUPU
Normas de descripción rda
049 ## - FONDOS LOCALES (OCLC)
Biblioteca depositaria PRUA
080 ## - NÚMERO DE LA CLASIFICACIÓN DECIMAL UNIVERSAL
Número de la Clasificación Decimal Universal 37.02:811.134.2'36
080 ## - NÚMERO DE LA CLASIFICACIÓN DECIMAL UNIVERSAL
Número de la Clasificación Decimal Universal 811.134.2'36:37.02
082 04 - NÚMERO DE LA CLASIFICACIÓN DECIMAL DEWEY
Número de clasificación 460.7
Cutter V59
Número de edición 21
100 1# - ENTRADA PRINCIPAL--NOMBRE DE PERSONA
Nombre de persona Vicente Mateu, Juan Antonio,
Término indicativo de función/relación autor.
245 10 - MENCIÓN DEL TÍTULO
Título Enseñar y aprender lengua :
Resto del título un enfoque comunicativo de la didáctica de la gramática /
Mención de responsabilidad, etc. Juan Antonio Vicente Mateu, Pedro Andrés Vicente Ruiz.
264 #1 - PRODUCCIÓN, PUBLICACIÓN, DISTRIBUCIÓN, FABRICACIÓN Y COPYRIGHT
Producción, publicación, distribución, fabricación y copyright Madrid :
Nombre del de productor, editor, distribuidor, fabricante Editorial Sintesis,
Fecha de producción, publicación, distribución, fabricación o copyright [2013].
300 ## - DESCRIPCIÓN FÍSICA
Extensión 212 páginas ;
Dimensiones 25 centímetros
336 ## - TIPO DE CONTENIDO
Término de tipo de contenido text
Fuente rdacontent
337 ## - TIPO DE MEDIO
Nombre/término del tipo de medio unmediated
Fuente rdamedia
338 ## - TIPO DE SOPORTE
Nombre/término del tipo de soporte volume
Fuente rdacarrier
490 1# - MENCIÓN DE SERIE
Mención de serie Educar, instruir
504 ## - NOTA DE BIBLIOGRAFÍA, ETC.
Nota de bibliografía, etc. Bibliografía : páginas 209-2012.
505 0# - NOTA DE CONTENIDO CON FORMATO
Nota de contenido con formato Acción comunicativa: lenguaje, funciones y competencias -- Aprendizaje dialógico --Tareas modelizadas -- Competencia simiótico-intertextual -- Producción cultural en una escuela del sujeto -- Gramática de la ortografía, la puntuación y la entonación --Gramática del género -- Gramática de los extranjerismos -- Gramática de la sintaxis: tópico y foco -- Gramática del texto -- Gramática de la manipulación semática -- Gramática de las relaciones interpersonales.
526 ## - NOTA DE INFORMACIÓN SOBRE EL PROGRAMA DE ESTUDIO
Nombre del programa Comunicación Y Periodismo
526 ## - NOTA DE INFORMACIÓN SOBRE EL PROGRAMA DE ESTUDIO
Nombre del programa Educación, Especialidad Inglés Y Español (A Distancia)
526 ## - NOTA DE INFORMACIÓN SOBRE EL PROGRAMA DE ESTUDIO
Nombre del programa Educación, Especialidad Inglés Y Español
526 ## - NOTA DE INFORMACIÓN SOBRE EL PROGRAMA DE ESTUDIO
Nombre del programa Teología
526 ## - NOTA DE INFORMACIÓN SOBRE EL PROGRAMA DE ESTUDIO
Nombre del programa Educación secundaria, especialidad lingüística e inglés
526 ## - NOTA DE INFORMACIÓN SOBRE EL PROGRAMA DE ESTUDIO
Nombre del programa Ciencias de la comunicación
541 ## - NOTA DE FUENTE DE ADQUISICIÓN DIRECTA
-- 001-002618;
596 ## -
-- 1 3
650 #7 - PUNTO DE ACCESO ADICIONAL DE MATERIA--TÉRMINO DE MATERIA
Término de materia o nombre geográfico como elemento de entrada Lengua española
Subdivisión general Didáctica.
Fuente del encabezamiento o término embne
650 04 - PUNTO DE ACCESO ADICIONAL DE MATERIA--TÉRMINO DE MATERIA
Término de materia o nombre geográfico como elemento de entrada Gramática.
9 (RLIN) 1178
650 04 - PUNTO DE ACCESO ADICIONAL DE MATERIA--TÉRMINO DE MATERIA
Término de materia o nombre geográfico como elemento de entrada Lenguaje y lenguas
Subdivisión general Enseñanza.
700 1# - ENTRADA AGREGADA--NOMBRE PERSONAL
Nombre de persona Vicente Ruiz, Pedro Andrés,
Término indicativo de función/relación autor.
910 ## - DATOS DE OPCIÓN DEL USUARIO (OCLC)
Datos de opción del usuario rlm
-- jck
-- rlm
-- 20150511
942 ## - ELEMENTOS DE ENTRADA SECUNDARIOS (KOHA)
Fuente del sistema de clasificación o colocación Clasificación Decimal Dewey
Tipo de ítem Koha
949 ## - PROCESAMIENTO DE INFORMACIÓN LOCAL (OCLC)
a 460.7 V59
w DEWEY
c 1
i 70963
l CCODEBUL1
m BUL
p 33.36
r 0
s Y
t BOOK
u 2015-5-11
x EDUCACION
-- P20
0 COMPRA
o .STAFF. Colección General
949 ## - PROCESAMIENTO DE INFORMACIÓN LOCAL (OCLC)
a 418.007 V59 2013
w DEWEY
c 1
i FJ05430
l CCODEBUJ1
m BUJ
p 33.50
r 0
s Y
t BOOK
u 2016-07-08
x EDUCACIÓN
-- P14
o .STAFF -- Colección General Juliaca
994 ## -
-- C0
-- PEPRU
999 ## - NÚMEROS DE CONTROL DE SISTEMA (KOHA)
-- DEWEY
-- 70963
-- 2018-11-2
-- 2021-11-8
-- 5
-- CCODEBUL1
-- BUL
-- 3
-- 33.36
-- 2
-- 0
-- Y
-- BOOK
-- 2015-5-11
-- EDUCACION
-- P20
-- COMPRA
-- .STAFF. Colección General
999 ## - NÚMEROS DE CONTROL DE SISTEMA (KOHA)
-- DEWEY
-- FJ05430
-- 2017-9-13
-- 2022-1-19
-- 3
-- CCODEBUJ1
-- BUJ
-- 1
-- 33.50
-- 3
-- 0
-- Y
-- BOOK
-- 2017-1-16
-- EDUCACION
-- P14
-- COMPRA
-- .STAFF. Colección General Juliaca
980 ## - EQUIVALENCIA O REFERENCIA-CRUZADA-MENCIÓN DE SERIE--NOMBRE DE PERSONA/TÍTULO [LOCAL, CANADÁ]
ID del último usuario que modificó el registro 1
Nombre del último usuario que modificó el registro ALBERTO SANCHEZ Responsable de Automatización
Existencias
Visto por última vez Número de inventario Total de préstamos Signatura topográfica completa Código de barras Fecha del último préstamo Copia número Coste, precio de reemplazo Fecha de reemplazo Facultad Tipo de ítem Koha Nota pública Estado de pérdida Fuente del sistema de clasificación o colocación Restricciones de uso No para préstamo Colección Programa académico Biblioteca de origen Biblioteca actual Ubicación en estantería Fecha de adquisición Fuente de adquisición Coste, precio normal de compra
2025-12-02 6 3 460.7 V59 70963 2018-11-02 e1 38.36 2015-05-11 FACIHED Libros físicos inventario-2023-12-13 No Perdido Clasificación Decimal Dewey No restringido Disponible para préstamos Colección General Educación primaria Biblioteca CRAI UPeU Lima Biblioteca CRAI UPeU Lima Sala principal 2015-05-11 COMPRA 33.36